Geronimo's Cadillac By Modern Talking Lyrics - Statistics

General Stats
  • This quiz has been taken 41 times
    35 since last reset
  • The average score is 190 of 247
Answer Stats
Answer % Correct
Cadillac
100%
Geronimo
100%
My
100%
A
95%
Dreams
95%
Heart,
95%
Heart
95%
I
95%
The
95%
To
95%
Wanna
95%
Geronimo's
90%
It
90%
On
90%
Share
90%
You
90%
Your
90%
Broken
86%
Do
86%
Love
86%
Mad
86%
Making
86%
Of
86%
Touch
86%
With
86%
And
81%
Are
81%
Girls
81%
Is
81%
It's
81%
Oh,
81%
Oh
81%
Queen
81%
Tears
81%
Tears.
81%
Eyes
76%
Fool
76%
Frozen
76%
Has
76%
Hearts
76%
Like
76%
We
76%
You're
76%
All
71%
Daytime
71%
Friends
71%
Nighttime
71%
Sad
71%
Wings
71%
Fools
67%
Get
67%
Me,
67%
Me
67%
Rules
67%
Boulevard
62%
Break
62%
Drag
62%
Game,
62%
I'm
62%
Looking
62%
Makes
62%
Play
62%
This
62%
Back
57%
Be
57%
Want
57%
Can't
52%
Dreamers
52%
Head
52%
Hold
52%
In
52%
Through
52%
Time
52%
Tossing
52%
Baby
48%
I'll
48%
Made
48%
Turn
48%
Turning
48%
Burning,
43%
Enough
43%
For
43%
From
38%
Him
38%
Let
38%
Place
38%
Take
38%
Don't
33%
Other
29%
Another
24%
No matching quizzes found
Score Distribution
Percent of People with Each Score
Percentile by Number Answered
Your Score History
You have not taken this quiz since the last reset